Odložené daňové pohľadávky ako dôsledok tvorby tichých rezerv
Základnou zásadou a cieľom účtovníctva je podávať verný a pravdivý obraz o finančnej a výnosovej situácii podniku. Zásahy manažmentu do účtovníctva a finančnej situácie podniku. Vymedzenie tichých rezerv. Vymedzenie odloženej dane. Vplyv odloženej dane na tiché rezervy. Súvislosť medzi odloženou daň...
Gespeichert in:
| 1. Verfasser: | |
|---|---|
| Format: | Buchkapitel |
| Sprache: | Slowakisch |
| Schlagworte: | |
| Tags: |
Keine Tags, Fügen Sie das erste Tag hinzu!
|
MARC
| LEADER | 00000nla$a2200000$$$4500 | ||
|---|---|---|---|
| 001 | 0111021 | ||
| 005 | 20221128081308.5 | ||
| 041 | 0 | |a slo | |
| 044 | |a SK | ||
| 245 | 1 | 0 | |a Odložené daňové pohľadávky ako dôsledok tvorby tichých rezerv |c Martin Tužinský |
| 520 | |a Základnou zásadou a cieľom účtovníctva je podávať verný a pravdivý obraz o finančnej a výnosovej situácii podniku. Zásahy manažmentu do účtovníctva a finančnej situácie podniku. Vymedzenie tichých rezerv. Vymedzenie odloženej dane. Vplyv odloženej dane na tiché rezervy. Súvislosť medzi odloženou daňou a tichými rezervami. | ||
| 610 | 2 | 0 | |a účtovníctvo |
| 610 | 2 | 0 | |a pohľadávky |
| 610 | 2 | 0 | |a dane odložené |
| 610 | 2 | 0 | |a rezervy |
| 610 | 2 | 0 | |a náklady |
| 610 | 2 | 0 | |a odpisy |
| 610 | 2 | 0 | |a imanie vlastné |
| 610 | 2 | 0 | |a výsledok hospodársky |
| 100 | 1 | |a Tužinský, Martin | |